Music Quiz

Random Music or Lyrics Quiz

Elvis Presley by Lyric Quiz Stats

 Plays Quiz Updated Mar 23, 2012

Score 0/20 Timer 06:00
2 Plays Today
Lyric Song % Correct
Everybody in the whole cell block was dancin' to the...Jailhouse Rock
96%
Well, since my baby left me, I found a new place to dwell...Heartbreak Hotel
76.7%
Well you can knock me down, step in my face, slander my name all over the place...Blue Suede Shoes
65.5%
I write 'I'm sorry', but my letter keeps coming back...Return to Sender
62.1%
Darling so it goes, some things are meant to be...Can't Help Falling In Love
57.3%
'Cause if there's one thing that she don't need It's another hungry mouth to feed...In The Ghetto
54.5%
A' well bless my soul, what's wrong with me? I'm itching like a man on a fuzzy tree...All Shook Up
54.1%
Is your heart filled with pain, shall I come back again? Tell me dear...Are you Lonesome Tonight
47.8%
Lord have mercy, I'm burning a hole where I lay!Burning Love
39.3%
Kiss me my darling, be mine tonight Tomorrow will be too late...It's Now or Never
36.5%
Lyric Song % Correct
All this aggravation ain't satisfactioning me...A Little Less Conversation
35.2%
I don't want no other love, Baby it's just you I'm thinking of...Don't Be Cruel
29%
Though your dreams be tossed and blown...You'll Never Walk Alone
16.8%
Tell the man to turn the jukebox way down low...He'll Have to go
11.9%
Your love to me is everything....The Wonder of You
10.9%
Like golden autumn leaves around my feet...Memories
8%
Scratch my back and run your pretty fingers through my hair...Treat Me Nice
6.8%
They say that time heals a broken heart...I Can't Stop Loving You
4.8%
Whole lotta girls lookin' for a good man like you...Only the Strong Survive
3.2%
That look in your eye done told me you told a lieWearin' that Loved on Look
2.9%

You're not logged in!

Compare scores with friends on all Sporcle quizzes.
OR
Log In

Sporcle TV

Today on Sporcle TV


Watch our educational content, quiz creation guides, and fun videos on Sporcle TV.

Show Comments

Extras

Top Quizzes Today


Score Distribution

Your Account Isn't Verified!

In order to create a playlist on Sporcle, you need to verify the email address you used during registration. Go to your Sporcle Settings to finish the process.

Report this User

Report this user for behavior that violates our Community Guidelines.

Details: